Southville International School and Colleges
Your cart is empty.
  • Cart
  • Lists
    Public lists Eva Luna New books Lux_list list_1
    Your lists Log in to create your own lists
  • Log in to your account
  • Your cookies
  • Search history
Southville International School and Colleges
  • Advanced search
  • Recent comments
  • Most popular
  • Libraries

Log in to your account

Log in with GOOGLE


If you do not have an external account, but do have a local account, you can still log in:

  1. Home
  2. MARC view: The Usborne book of peoples of the world :
Normal view MARC view ISBD view

The Usborne book of peoples of the world : (Record no. 12132)

[ view plain ]
MARC details
000 -LEADER
fixed length control field 00661nam a22002057a 4500
003 - CONTROL NUMBER IDENTIFIER
control field OSt
005 - DATE AND TIME OF LATEST TRANSACTION
control field 20140310182340.0
008 - FIXED-LENGTH DATA ELEMENTS--GENERAL INFORMATION
fixed length control field 130312t xxu||||| |||| 00| 0 eng d
020 ## - INTERNATIONAL STANDARD BOOK NUMBER
International Standard Book Number 0-439-40127-5
050 ## - LIBRARY OF CONGRESS CALL NUMBER
Classification number GN 333
Item number .D655 2001
082 ## - DEWEY DECIMAL CLASSIFICATION NUMBER
Classification number GS 306.08
Item number D68 2001
100 ## - MAIN ENTRY--PERSONAL NAME
Personal name Doherty, Gillian
9 (RLIN) 16878
245 ## - TITLE STATEMENT
Title The Usborne book of peoples of the world :
Statement of responsibility, etc Gillian Doherty.
Remainder of title Internet-linked /
260 ## - PUBLICATION, DISTRIBUTION, ETC. (IMPRINT)
Place of publication, distribution, etc New York :
Name of publisher, distributor, etc Scholastic Inc,
Date of publication, distribution, etc 2001.
300 ## - PHYSICAL DESCRIPTION
Extent 96 p :
Dimensions 28 cm.
Other physical details col. ill. ;
650 ## - SUBJECT ADDED ENTRY--TOPICAL TERM
Topical term or geographic name as entry element Ethnology
9 (RLIN) 14223
General subdivision Juvenile literature.
650 ## - SUBJECT ADDED ENTRY--TOPICAL TERM
Topical term or geographic name as entry element Manners and customs
General subdivision Juvenile literature.
9 (RLIN) 21745
942 ## - ADDED ENTRY ELEMENTS (KOHA)
Source of classification or shelving scheme Library of Congress Classification
Koha item type
Holdings
Withdrawn status Lost status Source of classification or shelving scheme Damaged status Home library Current library Shelving location Date acquired Total Checkouts Full call number Barcode Date last seen Copy number Price effective from Koha item type
    Library of Congress Classification   Luxembourg Library Luxembourg Library Grade School Section 09/26/2013   GN 333 .D655 2001 14010 09/26/2013 1 09/26/2013 Books

The Usborne book of peoples of the world :

APA

Doherty G., . (2001). The Usborne book of peoples of the world. New York: Scholastic Inc.

Chicago

Doherty Gillian, . 2001. The Usborne book of peoples of the world. New York: Scholastic Inc.

Harvard

Doherty G., . (2001). The Usborne book of peoples of the world. New York: Scholastic Inc.

MLA

Doherty Gillian, . The Usborne book of peoples of the world. New York: Scholastic Inc. 2001.

  • Place hold
  • Print
  • Cite
  • Add to your cart (remove)
  • Save record
    BIBTEX Dublin Core MARCXML MARC (non-Unicode/MARC-8) MARC (Unicode/UTF-8) MARC (Unicode/UTF-8, Standard) MODS (XML) RIS
  • More searches
    Search for this title in:
    Other Libraries (WorldCat) Other Databases (Google Scholar) Online Stores (Bookfinder.com) Open Library (openlibrary.org)

Exporting to Dublin Core...

SOUTHVILLE LIBRARY

Southville International School and Colleges Library

1281 Tropical Ave. Cor. Luxembourg St., BF Homes International, Las Pinas City

Tel. No. 8256374 / 252358 Loc. 117/146

Powered by Koha